| 000 | 00817nam a22002537a 4500 | ||
|---|---|---|---|
| 005 | 20121012155620.0 | ||
| 008 | 121012t xxu||||| |||| 00| 0 eng d | ||
| 010 | _aENG-106081 | ||
| 020 |
_a9781259003738 _c650.00 |
||
| 020 |
_a1259003736 _c650.00 |
||
| 035 | _aEN-89614 | ||
| 037 | _bDBAD/PUB | ||
| 040 |
_aDPL _bEng |
||
| 082 | _a540 | ||
| 100 | 1 | _953047 | |
| 245 | 1 | 0 | _aCourse in chemistry |
| 260 |
_aNew Delhi _bTata McGraw Hill _c2012 |
||
| 270 |
_a7 West Patel Nagar _bNew Delhi _e110008 |
||
| 300 |
_avarious pagings _c28cm(pbk) |
||
| 490 |
_aTata McGraw-Hill's winning edge series _91235 |
||
| 942 |
_2ddc _cEN _h540 _mCOU |
||
| 999 |
_c70910 _d70910 |
||